000
00313nam a2200121Ia 4500
005
20260328101450.0
008
260328s9999||||xx |||||||||||||| ||und||
100
_a
Solares, Carmen Lucía
245
0
_a
Seis Arquitectos /
_c
Carmen Lucía Solares
260
_b
Villegas Editores
650
_a
ARQUITECTOS
942
_c
BK
999
_c
8625
_d
8625